Statistiques concernant Joueurs de foot par pays #3

Cliquez ici pour prendre le quiz!

Statistiques générales

  • Ce quiz a été pris 259 fois
  • Le résultat moyen est 16 sur 20

Statistiques - réponses

HintRéponse% Correct
Diego MaradonaArgentine
100%
RonaldinhoBrésil
96%
Fernando TorresEspagne
93%
Mohamed SalahEgypte
91%
Keisuke HondaJapon
91%
Oliver KhanAllemagne
90%
Ryan GiggsPays de Galles
90%
Jean-Michel LarquéFrance
88%
Igor AkinfeevRussie
86%
Frank RijkaardPays-Bas
85%
Andres EscobarColombie
81%
Arda TuranTurquie
81%
Tim HowardUSA
78%
Bryan LaudrupDanemark
76%
Ferenc PuskasHongrie
76%
Gheorge HagiRoumanie
71%
Abedi PeléGhana
67%
Martin SkrtelSlovaquie
56%
Marcelo SalasChili
33%
Mario ColunaPortugal
21%

Distribution des résultats

Percentile par nombre de réponses

% des personnes avec chaque résultat

Votre développement - résultats

Vous n’avez pas pris ce quiz